| 000 | 00397nam a2200181Ia 4500 | ||
|---|---|---|---|
| 005 | 20250423100239.0 | ||
| 008 | 250422s9999 xx 000 0 und d | ||
| 020 | _a81-219-2425-1 | ||
| 050 | _aTK 7881.15.S44/ | ||
| 100 | _aP. C. Sen | ||
| 245 | 0 | _aModern Power Electronics | |
| 260 | _aNew Delhi | ||
| 260 | _bS.Chand | ||
| 260 | _c2004 | ||
| 300 | _a928 p | ||
| 650 | _aEE | ||
| 942 | _cBK | ||
| 999 |
_c32724 _d32724 |
||